Представление документа в формате RUSMARC

ПолеНазваниеЗначение
  Тип записи c
  Библиографический уровень m
001 Контрольный номер RU/УОНБ/EK_N/615567252
005 Дата корректировки 20251125145432.2
010 Индекс ISBN __
9 Тираж 2250 экз.
013 Номер (ISMN) __
d Цена 1 р. 40 к.
100 Данные общей обработки __
a Данные общей обработки 20190704d1987 u y0rusy0189||||ca
101 Язык документа 2_
a Язык текста rus
a Язык текста ukr
f Язык титульного листа ukr
102 Страна публикации __
a Страна публикации UA
105 Кодированные данные (монография) __
a Кодированные данные (монография) y###||||000|y
125 Кодированные данные звукозаписи и нотных изданий __
a Форма изложения нотного текста с|
128 Кодированные данные (звукозаписи-физические характеристики) __
a Кодированные данные: Музыкальная форма и тональность или лад zz
c Инструменты или голоса, рекомендуемые для солистов (устаревшее) kt||
200 Заглавие и сведения об ответственности 1_
a Заглавие Вып. 3
f Первые сведения об ответственности сост. Н. Давыдов, В. Угринович
210 Выходные данные __
d Дата издания 1987
215 Физическое описание __
a Объем 88 с.
327 Примечание о содержании 11
a Примечание о содержании Содерж. : Зубицкий В. Мадригал. - Негруци В. Лэутарская легенда. - Литвин Н. Тема с вариациями. - Шведас В. Вариации на тему литовской народной песни "Что же молодец задумал". - Родник : груз. нар. песня / обраб. С. Цинцадзе. - Мачавариани А. Хоруми. - Бабаджанян А. Токкатина. - Халмамедов Н. Звуки дутара. - Мурзабаев А. Ручей.
461 Уровень набора _0
1 001RU/УОНБ/EK_N/615565203
1 200
a Музика народiв СРСР
b Ноты
e для баяна
v Вып. 3
1 210
a Київ
c Музична Украiна
d 1982 -
464 Аналитический уровень _0
1 2001
a Мадригал
1 700 1
a Зубицкий
b В.
464 Аналитический уровень _0
1 2001
a Лэутарская легенда
1 700 1
a Негруци
b В.
464 Аналитический уровень _0
1 2001
a Тема с вариациями
1 700 1
a Литвин
b Н.
464 Аналитический уровень _0
1 2001
a Вариации на тему литовской народной песни "Что же молодец задумал"
1 700 1
a Шведас
b В.
1 50010
a Что же молодец задумал
464 Аналитический уровень _0
1 2001
a Родник
e груз. нар. песня
1 702 1
a Цинцадзе
b С.
4 520
464 Аналитический уровень _0
1 2001
a Хоруми
1 700 1
a Мачавариани
b А.
464 Аналитический уровень _0
1 2001
a Токкатина
1 700 1
a Бабаджанян
b А.
464 Аналитический уровень _0
1 2001
a Звуки дутара
1 700 1
a Халмамедов
b Н.
464 Аналитический уровень _0
1 2001
a Ручей
1 700 1
a Мурзабаев
b А.
512 Заглавие обложки 1_
a Заглавие обложки Музика народiв СРСР
517 Другие варианты заглавия 1_
a Другие варианты заглавия Музыка народов СССР
606 Тематические рубрики 0_
a Основная рубрика Баян
610 Ключевые слова 0_
a Ключевые слова баян
686 Индексы других классификаций __
a Классификационный индекс 85.954.6(2)я43
2 Код системы rubbk
702 Вторичная интеллектуальная ответственность _1
a Фамилия Давыдов
b Имя (инициалы) Н.
4 Код отношения 220
702 Вторичная интеллектуальная ответственность _1
a Фамилия Угринович
b Имя (инициалы) В.
4 Код отношения 220
801 Источник записи _0
a Страна RU
b Организация Ульяновская ОНБ
c Дата составления 20190704
g Правила каталогизации RCR
801 Источник записи _1
a Страна RU
b Организация Ульяновская ОНБ
c Дата составления 20190704
g Правила каталогизации RCR
901 Тип документа __
t Тип документа n
w Контрольный № источника RU/УОНБ/EK_N/615565203
909 Создатель записи __
a Создатель записи Никитина Т. А.
938 Служебная информация __
a Имя БД noti
b Имя библиотеки УОНБ
c Имя АИБС МАРК-SQL
d Номер DOC_ID в БД 20826